Największe niziny świata - Statystyki

Ogólne statystyki
  • Ten quiz został rozwiązany 6 razy
  • Średni wynik to 3 z 5
Statystyki odpowiedzi
Kontynent Nizina % Poprawnych
Ameryka Południowa La Platy
100%
Europa Wschodnioeuropejska
100%
Ameryka Południowa Amazonki
80%
Australia i Oceania Środkowoaustralijska
20%
Azja Zachodniosyberyjska
20%
Nie znaleziono quizów pasujących do podanych kryteriów
Rozkład punktacji
Procent ludzi z każdym wynikiem
Percentyl według liczby udzielonych odpowiedzi
Twoja historia wyników
Nie rozwiązałeś tego quizu